Minister will listen to a unified voice only (Record no. 70700)
[ view plain ]
| 000 -LEADER | |
|---|---|
| fixed length control field | 00984cam a2200229 4500 |
| 001 - CONTROL NUMBER | |
| control field | ABS65657 |
| 008 - FIXED-LENGTH DATA ELEMENTS--GENERAL INFORMATION | |
| fixed length control field | 020710n2002 000 0 eng u |
| 035 ## - SYSTEM CONTROL NUMBER | |
| System control number | (Sirsi) u118760 |
| 100 ## - MAIN ENTRY--PERSONAL NAME | |
| Personal name | Gummer, J. |
| 245 ## - TITLE STATEMENT | |
| Title | Minister will listen to a unified voice only |
| 260 ## - PUBLICATION, DISTRIBUTION, ETC. | |
| Date of publication, distribution, etc. | 2002 |
| 490 ## - SERIES STATEMENT | |
| Series statement | Estates Gazette |
| Volume/sequential designation | (0225) 22 June 2002, 83(1) |
| 520 ## - SUMMARY, ETC. | |
| Summary, etc. | Comments on the proposals by Nick Ritablat of British Land for more effective representation of the property industry. Supports the idea of a single voice for property but argues against the format as it would result in a lobbying body which received little respect from either government or the public. Favours an approach where the crucial players from the government and industry come together and speak with one voice. |
| 590 ## - LOCAL NOTE (RLIN) | |
| Local note | ABS |
| 650 ## - SUBJECT ADDED ENTRY--TOPICAL TERM | |
| Topical term or geographic name entry element | BRITISH LAND |
| 650 ## - SUBJECT ADDED ENTRY--TOPICAL TERM | |
| Topical term or geographic name entry element | NICK RITBLAT |
| 650 ## - SUBJECT ADDED ENTRY--TOPICAL TERM | |
| Topical term or geographic name entry element | PROPERTY INDUSTRY |
| 650 ## - SUBJECT ADDED ENTRY--TOPICAL TERM | |
| Topical term or geographic name entry element | TRADE ASSOCIATIONS |
| 650 ## - SUBJECT ADDED ENTRY--TOPICAL TERM | |
| Topical term or geographic name entry element | LOBBYING |
| 690 ## - LOCAL SUBJECT ADDED ENTRY--TOPICAL TERM (OCLC, RLIN) | |
| Topical term or geographic name as entry element | PROPERTY |
| 942 ## - ADDED ENTRY ELEMENTS (KOHA) | |
| Suppress in OPAC | 0 |
| Withdrawn status | Lost status | Source of classification or shelving scheme | Damaged status | Not for loan | Home library | Current library | Shelving location | Date acquired | Total Checkouts | Full call number | Barcode | Date last seen | Copy number | Price effective from | Koha item type |
|---|---|---|---|---|---|---|---|---|---|---|---|---|---|---|---|
| Dewey Decimal Classification | London | London | Journal article | 10/07/2002 | ABS65657 | 118760-1001 | 06/08/2019 | 1 | 06/08/2019 | Journal article |